| 000 | 00453nam a2200169Ia 4500 | ||
|---|---|---|---|
| 008 | 230718s9999 xx 000 0 und d | ||
| 020 | _a9789351100065 | ||
| 041 | _aeng | ||
| 082 |
_a005.13'3 _bMCK |
||
| 100 |
_aMckinney W. _9195709 |
||
| 245 | _aPython For Data Analysis | ||
| 260 |
_c2013 _bO'Reilly/SPD |
||
| 300 | _a452 | ||
| 365 |
_cRs. _b625.00 |
||
| 700 |
_aMckinney W. _9195709 |
||
| 906 |
_dO:0488322-Jan-2016B:SE/SI/247713-Oct-2015 _cIT _b625 |
||
| 999 |
_c341319 _d341319 |
||